| 000 | 00880njm a2200217 i 4500 | ||
|---|---|---|---|
| 001 | 4926 | ||
| 003 | ES-MaACL | ||
| 005 | 20230906144457.0 | ||
| 007 | s|r||||||||||| | ||
| 008 | 070824s1976 sp ||| g ||||||||1|nspa d | ||
| 100 | 1 |
_aKhane, Babacar. _967987 |
|
| 245 | 1 | 0 |
_aPoesía espiritual en yoga vital [ _hGrabación sonora] _b: conferencia demostración / _cinterviene el Yogui Babacar Khane. |
| 260 |
_aMadrid : _bAteneo de Madrid, _c1976. |
||
| 300 |
_a2 discos (CD-DA) (1 h. 42 min. 12 seg.) ; _c12 cm. |
||
| 500 | _aDatos basados en la invitación. | ||
| 518 | _aActo organizado por el Ateneo de Madrid, grabado en el salón de actos el jueves 25 de noviembre de 1976, a las 20:00 h. | ||
| 610 | 2 | 4 |
_aAteneo de Madrid- _xActos culturales- _y1976- _vGrabaciones sonoras. _91886 |
| 650 | 4 |
_aYoga. _917859 |
|
| 710 | 2 |
_aAteneo de Madrid. _91875 |
|
| 852 |
_aES-MaACL _jROT 4/5/1-2 |
||
| 999 |
_c4926 _d4926 |
||